Program starostlivosti o životné prostredie SR.

Zameranie článku na ekologizáciu ekonomických a legislatívnych nástrojov a riadenia životného prostredia. Význam a zavádzanie ekonomických nástrojov. Charakteristika legislatívneho programu starostlivosti o životné prostredie. Vytváranie systémového komplexu práva životného prostredia. Prehľad návrh...

Descrizione completa

Salvato in:
Dettagli Bibliografici
Autore principale: Miklós, L.
Natura: Capitolo di libro
Lingua:slovacco
Soggetti:
Tags: Aggiungi Tag
Nessun Tag, puoi essere il primo ad aggiungerne!!

MARC

LEADER 00000naa a2200000 4500
001 r008654
005 20220831085619.1
041 0 |a slo 
044 |a [CS] 
245 1 0 |a Program starostlivosti o životné prostredie SR.  |c L. Miklós 
520 |a Zameranie článku na ekologizáciu ekonomických a legislatívnych nástrojov a riadenia životného prostredia. Význam a zavádzanie ekonomických nástrojov. Charakteristika legislatívneho programu starostlivosti o životné prostredie. Vytváranie systémového komplexu práva životného prostredia. Prehľad návrhov zákonov a vyhlášok, vypracovaných Slovenskou komisiou pre životné prostredie a schválených SNR. Ekologizácia hospodárenia v krajine. 
610 2 0 |a ochrana prostredia životného 
610 2 0 |a ekológia 
610 2 0 |a prostredie životné 
610 2 0 |a Slovensko 
610 2 0 |a nástroje ekonomické 
610 2 0 |a predpisy právne 
100 1 |a Miklós, L.